Library of the University of Algiers 3
Ibrahim Sultan Cheibout
شعار جامعة الجزائر 3
مكتبة جامعة الجزائر 3
إبراهيم سلطان شيبوط

البحث العلمي في ادارة الاعمال باستخدام تقنيات الحاسوب / (رقم التسجيلة. 41867)

تفاصيل مارك
000 -LEADER
fixed length control field 01474nam a2200241Ia 4500
003 - CONTROL NUMBER IDENTIFIER
control field Ost
005 - DATE AND TIME OF LATEST TRANSACTION
control field 20260507074933.0
008 - FIXED-LENGTH DATA ELEMENTS--GENERAL INFORMATION
fixed length control field 260507s9999||||xx |||||||||||||| ||und||
020 ## - INTERNATIONAL STANDARD BOOK NUMBER
International Standard Book Number 9789957493356
040 ## - CATALOGING SOURCE
Transcribing agency fsecg
041 ## - LANGUAGE CODE
Language code of text/sound track or separate title ara
082 ## - DEWEY DECIMAL CLASSIFICATION NUMBER
Classification number 658.00285
100 ## - MAIN ENTRY--PERSONAL NAME
Personal name النعيمي، جلال محمد
Relator term مؤلف
245 #0 - TITLE STATEMENT
Title البحث العلمي في ادارة الاعمال باستخدام تقنيات الحاسوب /
Statement of responsibility, etc. جلال محمد النعيمي
260 ## - PUBLICATION, DISTRIBUTION, ETC.
Place of publication, distribution, etc. عمان:
Name of publisher, distributor, etc. دار اثراء,
Date of publication, distribution, etc. 2008
300 ## - PHYSICAL DESCRIPTION
Extent 296 صفحة؛
Dimensions 24 سم
504 ## - BIBLIOGRAPHY, ETC. NOTE
Bibliography, etc. note بيبليوغرافيا ص.291-296
520 ## - SUMMARY, ETC.
Summary, etc. البحث العلمي في إدارة الأعمال ، نظم المعلومات وادارة المعرفة ،العلم والنظرية والبحث العمي ، استراتجية البحث العلمي في ادارة الاعمال ، عملية البحث العلمي ، مشكلة البحث ومقترحه ، البيانات ، زسائل جمع المعلومات والبيانات ، العينات ، عرض البيانات ، تنظيم وترميز وتحليل البيانات ، استخدام الحاسوب في ادخال وتحليل البيانات ، استخدام الشبكة المعلوماتية في الحصول على البيانات ، كتابة تقرير البحث
653 ## - INDEX TERM--UNCONTROLLED
Uncontrolled term ادارة الاعمال
653 ## - INDEX TERM--UNCONTROLLED
Uncontrolled term الحاسوب
653 ## - INDEX TERM--UNCONTROLLED
Uncontrolled term بحث علمي
942 ## - ADDED ENTRY ELEMENTS (KOHA)
Koha item type كتب
المقتنيات
Withdrawn status Lost status Source of classification or shelving scheme Damaged status Not for loan Home library Current library Date acquired Serial enumeration / chronology Inventory number Total checkouts Full call number Barcode Date last seen Price effective from Koha item type
    Dewey Decimal Classification   NOT LOAN / إعارة داخلية مكتبة كلية العلوم الإقتصادية والعلوم التجارية وعلوم التسيير مكتبة كلية العلوم الإقتصادية والعلوم التجارية وعلوم التسيير 07/05/2026 الطابق الأرضي 2929   أ/2707ن1 2929 07/05/2026 07/05/2026 كتب
    Dewey Decimal Classification   Available مكتبة كلية العلوم الإقتصادية والعلوم التجارية وعلوم التسيير مكتبة كلية العلوم الإقتصادية والعلوم التجارية وعلوم التسيير 07/05/2026 الطابق الأرضي 2930   أ/2707ن2 2930 07/05/2026 07/05/2026 كتب
    Dewey Decimal Classification   Available مكتبة كلية العلوم الإقتصادية والعلوم التجارية وعلوم التسيير مكتبة كلية العلوم الإقتصادية والعلوم التجارية وعلوم التسيير 07/05/2026 الطابق الأرضي 2931   أ/2707ن3 2931 07/05/2026 07/05/2026 كتب
    Dewey Decimal Classification   Available مكتبة كلية العلوم الإقتصادية والعلوم التجارية وعلوم التسيير مكتبة كلية العلوم الإقتصادية والعلوم التجارية وعلوم التسيير 07/05/2026 الطابق الثاني 2932   أ/2707ن4 2932 07/05/2026 07/05/2026 كتب
    Dewey Decimal Classification   Available مكتبة كلية العلوم الإقتصادية والعلوم التجارية وعلوم التسيير مكتبة كلية العلوم الإقتصادية والعلوم التجارية وعلوم التسيير 07/05/2026 الطابق الثاني 2933   أ/2707ن5 2933 07/05/2026 07/05/2026 كتب
    Dewey Decimal Classification   Available مكتبة كلية العلوم الإقتصادية والعلوم التجارية وعلوم التسيير مكتبة كلية العلوم الإقتصادية والعلوم التجارية وعلوم التسيير 07/05/2026 مكتبة بن عكنون 2934   أ/2707ن6 2934 07/05/2026 07/05/2026 كتب
    Dewey Decimal Classification   Available مكتبة كلية العلوم الإقتصادية والعلوم التجارية وعلوم التسيير مكتبة كلية العلوم الإقتصادية والعلوم التجارية وعلوم التسيير 07/05/2026 مكتبة بن عكنون 2935   أ/2707ن7 2935 07/05/2026 07/05/2026 كتب
    Dewey Decimal Classification   Available مكتبة كلية العلوم الإقتصادية والعلوم التجارية وعلوم التسيير مكتبة كلية العلوم الإقتصادية والعلوم التجارية وعلوم التسيير 07/05/2026 مكتبة بن عكنون 2936   أ/2707ن8 2936 07/05/2026 07/05/2026 كتب

موارد الويب المفتوحة


© University of Algiers 3 All Rights Reserved
|
Implemented by LECHELAH Riad